Vista normal Vista MARC

Entrada Materia (reunión)

Número de registros utilizados en: 1

001 - CONTROL NUMBER

  • control field: 161223

003 - CONTROL NUMBER IDENTIFIER

  • control field: Co-BoUCM

005 - DATE AND TIME OF LATEST TRANSACTION

  • control field: 20211110134014.0

008 - FIXED-LENGTH DATA ELEMENTS

  • fixed length control field: 211110|| aca||aabn | a|a d

040 ## - CATALOGING SOURCE

  • Original cataloging agency: Co-BoUCM
  • Transcribing agency: Co-BoUCM

111 ## - HEADING--MEETING NAME

  • Meeting name or jurisdiction name as entry element: Seminario Internacional Derecho Internacional Humanitario, Conflicto armarado y tratamiento de las víctimas
  • Number of part/section/meeting: (6
  • Date of meeting: 2002
  • Location of meeting: Tunja)

670 ## - SOURCE DATA FOUND

  • Source citation: Work cat.: (Co-BoUCM)42328: Seminario Internacional Derecho Internacional Humanitario, Conflicto armarado y tratamiento de las víctimas (6 2002 Tunja), Derecho internacional humanitario, conflicto armado y tratamiento de las víctimas., 2002